| 000 | 00388nam a22001577a 4500 | ||
|---|---|---|---|
| 005 | 20160916094455.0 | ||
| 008 | 160916b xxu||||| |||| 00| 0 eng d | ||
| 020 | _a978-81-265-0527-2 | ||
| 041 | _aeng | ||
| 100 |
_aWatt,David A _93549 |
||
| 245 | _aProgramming Language Design Concepts | ||
| 260 |
_bWiley _c2011 |
||
| 300 | _a464 | ||
| 650 |
_aInformation Technology _9137 |
||
| 942 | _cBK | ||
| 999 |
_c5239 _d5237 |
||